Rozpoznaj polskie miasto po fotografii w 3 minuty - Statystyki

Ogólne statystyki
  • Ten quiz został rozwiązany 618 razy
  • Średni wynik to 10 z 15
Statystyki odpowiedzi
Obrazkowy Odpowiedź % Poprawnych
Warszawa
98%
Gdańsk
96%
Kraków
96%
Wrocław
91%
Katowice
90%
Sopot
87%
Poznań
83%
Szczecin
78%
Gdynia
73%
Bydgoszcz
62%
Białystok
58%
Radom
53%
Częstochowa
42%
Zielona Góra
32%
Legnica
10%
Nie znaleziono quizów pasujących do podanych kryteriów
Rozkład punktacji
Procent ludzi z każdym wynikiem
Percentyl według liczby udzielonych odpowiedzi
Twoja historia wyników
Nie rozwiązałeś tego quizu